[Event "Campeonato de Aragon por Equipos 2025 -"]
[Site "?"]
[Date "2025.02.08"]
[Round "3.61"]
[White "Hernando Garcia, Antonio"]
[Black "Romo Ramirez, Antonio"]
[Result "1-0"]
[WhiteElo "2045"]
[BlackElo "1986"]
[PlyCount "123"]
[GameId "2147807432768654"]
[EventDate "2025.01.25"]
[WhiteTeam "El Olivar B"]
[BlackTeam "Teruel B"]

1. c4 g6 2. Nf3 Bg7 3. g3 d6 4. Bg2 c6 5. O-O Nf6 6. Nc3 O-O 7. Rb1 Qa5 8. b4 Qh5 9. d3 Bh3 10. Bxh3 Qxh3 11. Ng5 Qh5 12. e4 h6 13. Nf3 Qh3 14. Ne2 g5 15. Kh1 Ng4 16. Neg1 Qh5 17. h3 Nd7 18. Kg2 Ngf6 19. Bd2 Qg6 20. Qe2 Nh5 21. g4 Nhf6 22. Bc3 h5 23. Nh2 hxg4 24. hxg4 Ne5 25. Bxe5 dxe5 26. Qe3 Ne8 27. Nhf3 f6 28. Ne2 Nc7 29. Ng3 Ne6 30. Nf5 Rf7 31. Rh1 Nf4+ 32. Kf1 Rd8 33. Ne1 e6 34. Ng3 Rfd7 35. Rb3 a6 36. Ne2 f5 37. gxf5 exf5 38. Ng3 fxe4 39. Nxe4 Rf7 40. Rg1 Rf5 41. Nf3 Qh5 42. Nexg5 Nh3 43. Rg3 Nxg5 44. Nxg5 Rdf8 45. Ne4 Rf3 46. Qg5 Qh1+ 47. Rg1 Qh3+ 48. Ke2 R3f7 49. Qg4 Qh7 50. Qg6 Qxg6 51. Rxg6 Kh7 52. Rg3 Bh6 53. Rb1 Rg7 54. Rxg7+ Kxg7 55. a4 Kf7 56. b5 cxb5 57. axb5 axb5 58. Rxb5 Rb8 59. Rxb7+ Rxb7 60. Nd6+ Ke6 61. Nxb7 Bf8 62. Na5 1-0

[Event "Campeonato de Aragon por Equipos 2025 -"]
[Site "?"]
[Date "2025.02.08"]
[Round "3.62"]
[White "Abancens Fernandez, Bernardo"]
[Black "Gracia Campo, Carlos Alberto"]
[Result "0-1"]
[WhiteElo "1862"]
[BlackElo "2011"]
[PlyCount "92"]
[GameId "2147807432805519"]
[EventDate "2025.01.25"]
[WhiteTeam "Teruel B"]
[BlackTeam "El Olivar B"]

1. b3 Nf6 2. Bb2 g6 3. Bxf6 exf6 4. c4 Bg7 5. Nc3 f5 6. Rc1 c6 7. e3 O-O 8. g3 Re8 9. Nge2 d6 10. Bg2 Nd7 11. O-O Nf6 12. Qc2 Be6 13. h4 d5 14. cxd5 Nxd5 15. d4 Nb4 16. Qb1 Qa5 17. Rfd1 Rad8 18. Na4 Bf8 19. Qb2 Bd5 20. a3 Na6 21. Nec3 Bxg2 22. b4 Qc7 23. Kxg2 Qe7 24. Qc2 Nc7 25. Nc5 Nd5 26. Nxd5 Rxd5 27. Qa4 a6 28. Qa5 Bh6 29. Re1 g5 30. hxg5 Qxg5 31. Qc7 Re7 32. Qb8+ Kg7 33. Rcd1 Qg6 34. Nxb7 Rb5 35. Qa8 Rbxb7 36. Qxa6 Qe6 37. Rc1 Rec7 38. Rc3 f4 39. e4 Ra7 40. Qd3 fxg3 41. fxg3 Rd7 42. Qc2 Ra6 43. a4 f5 44. e5 Qd5+ 45. Kf1 Qxd4 46. Qxf5 Rf7 0-1

[Event "Campeonato de Aragon por Equipos 2025 -"]
[Site "?"]
[Date "2025.02.08"]
[Round "3.63"]
[White "Veras Sanz, Marino"]
[Black "Barcena Laguia, Francisco"]
[Result "1-0"]
[WhiteElo "2004"]
[BlackElo "1859"]
[PlyCount "55"]
[GameId "2147807432842384"]
[EventDate "2025.01.25"]
[WhiteTeam "El Olivar B"]
[BlackTeam "Teruel B"]

1. d4 d5 2. Nf3 Nf6 3. g3 h6 4. Bg2 e6 5. O-O Bd6 6. c4 c6 7. Qc2 O-O 8. Nbd2 Nbd7 9. b3 e5 10. cxd5 Nxd5 11. Nc4 Qc7 12. Nxd6 Qxd6 13. Bb2 exd4 14. Nxd4 N7f6 15. Rad1 Qe7 16. e4 Nc7 17. h3 Re8 18. Rfe1 Ne6 19. Nf5 Qc5 20. Qe2 Ng5 21. Bxf6 Bxf5 22. Bd4 Qe7 23. Qb2 Bxh3 24. Bxg7 Bg4 25. Bxh6 f6 26. Bxg5 Bxd1 27. Bxf6 Qd7 28. Qc1 1-0

[Event "Campeonato de Aragon por Equipos 2025 -"]
[Site "?"]
[Date "2025.02.08"]
[Round "3.64"]
[White "Martin Lafuente, Jorge Abel"]
[Black "Jaso Escudero, Julen"]
[Result "0-1"]
[WhiteElo "1635"]
[BlackElo "1925"]
[PlyCount "98"]
[GameId "2147807432887441"]
[EventDate "2025.01.25"]
[WhiteTeam "Teruel B"]
[BlackTeam "El Olivar B"]

1. c4 e6 2. Nc3 d5 3. cxd5 exd5 4. Nf3 Nf6 5. d4 c6 6. e3 Bd6 7. a3 a5 8. Qb3 Qc7 9. g3 Bf5 10. Bg2 Nbd7 11. O-O O-O 12. Bd2 Nb6 13. Ne5 Bxe5 14. dxe5 Nc4 15. Rfd1 Nxe5 16. Rac1 Qd6 17. Ne2 Bd3 18. Nf4 Bc4 19. Qc3 Nfd7 20. b3 Ba6 21. Qxa5 Be2 22. Qb4 c5 23. Qxb7 Bxd1 24. Rxd1 Rfb8 25. Qxd5 Qxd5 26. Bxd5 Rxa3 27. Bc3 Kf8 28. e4 Ke7 29. Bxe5 Nxe5 30. Kg2 Ng4 31. Rd2 Nf6 32. Bc4 Rd8 33. Nd5+ Nxd5 34. Rxd5 Rxd5 35. exd5 Kd6 36. h4 Ra1 37. Kf3 Rd1 38. Ke3 Re1+ 39. Kd2 Re5 40. Kd3 f5 41. f4 Re1 42. h5 Rg1 43. g4 fxg4 44. Ke3 Rg3+ 45. Ke4 Rc3 46. f5 h6 47. f6 gxf6 48. Kf5 g3 49. Bf1 Rf3+ 0-1

[Event "Campeonato de Aragon por Equipos 2025 -"]
[Site "?"]
[Date "2025.02.08"]
[Round "3.65"]
[White "Carraminana Lopez, Luis Antonio"]
[Black "Muro Guerrero, Miguel"]
[Result "1/2-1/2"]
[WhiteElo "1929"]
[BlackElo "2056"]
[PlyCount "44"]
[GameId "2147807432924306"]
[EventDate "2025.01.25"]
[WhiteTeam "Helios B"]
[BlackTeam "Dr. Azua"]

1. e4 e5 2. Nf3 Nc6 3. Bc4 Nf6 4. d3 Be7 5. O-O O-O 6. Nc3 d6 7. a3 Bg4 8. h3 Bh5 9. Be3 Qd7 10. Nd5 Nxd5 11. Bxd5 Bg6 12. Bxc6 Qxc6 13. g4 Qd7 14. Kh2 Qe6 15. Ng5 Bxg5 16. Bxg5 f6 17. Be3 d5 18. f3 b6 19. Qb1 c5 20. Qa2 Bf7 21. Qxd5 Qxd5 22. exd5 Bxd5 1/2-1/2

[Event "Campeonato de Aragon por Equipos 2025 -"]
[Site "?"]
[Date "2025.02.08"]
[Round "3.66"]
[White "Garcia Garcia, Enrique"]
[Black "Anson Casaos, Alejandro"]
[Result "1-0"]
[WhiteElo "1881"]
[BlackElo "1907"]
[PlyCount "57"]
[GameId "2147807432973459"]
[EventDate "2025.01.25"]
[WhiteTeam "Dr. Azua"]
[BlackTeam "Helios B"]

1. d4 Nf6 2. c4 e6 3. Nf3 c5 4. d5 exd5 5. cxd5 d6 6. h3 g6 7. Nc3 Bg7 8. e4 O-O 9. Bd3 b5 10. Bxb5 Nxe4 11. Nxe4 Qa5+ 12. Nfd2 Qxb5 13. Nxd6 Qd7 14. N2c4 Ba6 15. O-O Rd8 16. Re1 Bxc4 17. Nxc4 Na6 18. d6 Nb4 19. Bg5 f6 20. Be3 Qf5 21. Qb3 Kh8 22. Rad1 a5 23. g4 Qf3 24. Bxc5 Qc6 25. Bxb4 axb4 26. d7 Rxd7 27. Rxd7 Qxd7 28. Nb6 Qd2 29. Rd1 1-0

[Event "Campeonato de Aragon por Equipos 2025 -"]
[Site "?"]
[Date "2025.02.08"]
[Round "3.67"]
[White "Moreno Burillo, Maria"]
[Black "Cajo Esteban, Ruben"]
[Result "1/2-1/2"]
[WhiteElo "1868"]
[BlackElo "1867"]
[PlyCount "87"]
[GameId "2147807433014420"]
[EventDate "2025.01.25"]
[WhiteTeam "Helios B"]
[BlackTeam "Dr. Azua"]

1. e4 e5 2. Nf3 Nf6 3. Nxe5 d6 4. Nf3 Nxe4 5. Nc3 Nxc3 6. dxc3 Nc6 7. Be3 Be7 8. Bd3 Bg4 9. Be4 Qd7 10. h3 Bf5 11. Qd3 Bxe4 12. Qxe4 Qe6 13. Qd3 O-O 14. O-O-O Qxa2 15. b3 Qa5 16. Kb2 a6 17. Ra1 Qb5 18. Ra4 Qxd3 19. cxd3 Bf6 20. g4 g6 21. g5 Bg7 22. h4 Rfe8 23. h5 Ne5 24. Nxe5 Rxe5 25. hxg6 hxg6 26. Rah4 Rae8 27. Bd4 Re2+ 28. Ka3 Bxd4 29. cxd4 Kf8 30. f4 Ke7 31. Rh7 Rf8 32. f5 Rg2 33. Re1+ Kd8 34. fxg6 Rxg5 35. Rxf7 Rg8 36. Ree7 R8xg6 37. Rd7+ Ke8 38. Rxc7 Rb5 39. Rh7 Kd8 40. Rcf7 Rg8 41. Rd7+ Kc8 42. Rxd6 Rd8 43. Re6 Rxd4 44. Re8+ 1/2-1/2

[Event "Campeonato de Aragon por Equipos 2025 -"]
[Site "?"]
[Date "2025.02.08"]
[Round "3.68"]
[White "Abenia Porroche, Roberto"]
[Black "Sgibnev Huayllani, Daniel Vladimir"]
[Result "1-0"]
[WhiteElo "1811"]
[BlackElo "1759"]
[PlyCount "55"]
[GameId "2147807433104533"]
[EventDate "2025.01.25"]
[WhiteTeam "Dr. Azua"]
[BlackTeam "Helios B"]

1. Nf3 Nf6 2. d4 d6 3. g3 g6 4. Bg2 Bg7 5. O-O O-O 6. Nbd2 Nc6 7. c3 Bf5 8. Nh4 Bd7 9. e4 e5 10. Qb3 Qc8 11. Nhf3 Rb8 12. Re1 Bh3 13. dxe5 dxe5 14. Nc4 Be6 15. Nfd2 b5 16. Qc2 bxc4 17. Qa4 Ne7 18. Qxa7 Ng4 19. Qc5 Qd7 20. a4 f5 21. exf5 Nxf5 22. Nxc4 Qf7 23. Na3 Rfd8 24. h3 Ngh6 25. Bg5 Rd5 26. Bxd5 Bxd5 27. c4 Bf8 28. Qxd5 1-0

[Event "Campeonato de Aragon por Equipos 2025 -"]
[Site "?"]
[Date "2025.02.08"]
[Round "3.69"]
[White "Cid Royo, Jonathan"]
[Black "Felipo Martinez, Marcos"]
[Result "1/2-1/2"]
[WhiteElo "2132"]
[BlackElo "2010"]
[PlyCount "77"]
[GameId "2147807433145494"]
[EventDate "2025.01.25"]
[WhiteTeam "L'Aurora Estadilla M64"]
[BlackTeam "MyInvestor Casablanca C"]

1. e4 e5 2. c4 Nc6 3. Nf3 Nf6 4. d3 Bc5 5. Be2 h6 6. Nc3 d6 7. O-O a5 8. Be3 Bxe3 9. fxe3 O-O 10. d4 Bg4 11. d5 Bxf3 12. Bxf3 Ne7 13. a3 Ne8 14. b4 Ng6 15. Qe2 Qg5 16. Bg4 Nf6 17. Bh3 Ne7 18. c5 g6 19. Qd3 Qh4 20. Nb5 Qxe4 21. Qxe4 Nxe4 22. Nxc7 Rad8 23. Rfd1 f5 24. Ne6 Nc3 25. Rd3 Nexd5 26. Nxd8 Rxd8 27. e4 Ne2+ 28. Kf2 Nef4 29. Rxd5 Nxd5 30. exd5 dxc5 31. Rd1 axb4 32. axb4 cxb4 33. g4 f4 34. Bg2 Kf8 35. Rb1 Rc8 36. Rxb4 Rc2+ 37. Kf3 Rc3+ 38. Kf2 Rc2+ 39. Kf3 1/2-1/2

[Event "Campeonato de Aragon por Equipos 2025 -"]
[Site "?"]
[Date "2025.02.08"]
[Round "3.70"]
[White "Antonano Fernandez-Quincoces, Avelino"]
[Black "Pellicer Cerezuela, Miguel"]
[Result "0-1"]
[WhiteElo "1978"]
[BlackElo "2042"]
[PlyCount "108"]
[GameId "2147807433186455"]
[EventDate "2025.01.25"]
[WhiteTeam "MyInvestor Casablanca C"]
[BlackTeam "L'Aurora Estadilla M64"]

1. e4 e6 2. d4 d5 3. Nd2 c5 4. c3 Nc6 5. Ngf3 Nf6 6. Bd3 Be7 7. O-O cxd4 8. cxd4 Qb6 9. Re1 Bd7 10. e5 Ng8 11. Nb3 Nh6 12. Bd2 Nf5 13. Bc3 O-O 14. Qd2 a5 15. Rac1 a4 16. Nc5 Bxc5 17. dxc5 Qd8 18. Bxf5 exf5 19. Qxd5 Be6 20. Qxd8 Rfxd8 21. Rcd1 Bxa2 22. Rd6 h6 23. Red1 Be6 24. Nd4 Nxd4 25. R1xd4 Rdc8 26. Bb4 Kh7 27. Rb6 Ra7 28. Kf1 Rc6 29. Ke2 Rxb6 30. cxb6 Ra6 31. Rd6 Ra8 32. Kd2 Rc8 33. Bc3 f4 34. f3 g5 35. Kd3 Kg6 36. Rd4 Ra8 37. g3 fxg3 38. hxg3 h5 39. Bb4 Ra6 40. Rd6 Kf5 41. Kd4 h4 42. gxh4 gxh4 43. Bc5 Kf4 44. Rd8 h3 45. Rh8 Kxf3 46. Kc3 Kg3 47. Kb4 h2 48. Rh7 Bh3 49. Rg7+ Kf4 50. Rxf7+ Ke4 51. e6 h1=Q 52. e7 Qe1+ 53. Ka3 Qa1+ 54. Kb4 Qxb2+ 0-1

[Event "Campeonato de Aragon por Equipos 2025 -"]
[Site "?"]
[Date "2025.02.08"]
[Round "3.71"]
[White "Cid Royo, Oscar"]
[Black "Cebollada Pacheco, Jesus Raul"]
[Result "1/2-1/2"]
[WhiteElo "2002"]
[BlackElo "1942"]
[PlyCount "40"]
[GameId "2147807433227416"]
[EventDate "2025.01.25"]
[WhiteTeam "L'Aurora Estadilla M64"]
[BlackTeam "MyInvestor Casablanca C"]

1. d4 Nf6 2. Nf3 g6 3. g3 Bg7 4. Bg2 O-O 5. O-O d6 6. b3 e5 7. dxe5 dxe5 8. Bb2 e4 9. Ne5 Ng4 10. Nc4 e3 11. f3 Bxb2 12. Qxd8 Rxd8 13. Nxb2 Nf2 14. Nc4 Re8 15. Nxe3 Nh3+ 16. Bxh3 Bxh3 17. Ng2 Rxe2 18. Rf2 Rxf2 19. Kxf2 Bxg2 20. Kxg2 Na6 1/2-1/2

[Event "Campeonato de Aragon por Equipos 2025 -"]
[Site "?"]
[Date "2025.02.08"]
[Round "3.72"]
[White "Alvarez Gonzalo, Miguel Angel"]
[Black "Felez Casedas, Carlos"]
[Result "1-0"]
[WhiteElo "1808"]
[BlackElo "1977"]
[PlyCount "89"]
[GameId "2147807433260185"]
[EventDate "2025.01.25"]
[WhiteTeam "MyInvestor Casablanca C"]
[BlackTeam "L'Aurora Estadilla M64"]

1. c4 e6 2. g3 d5 3. cxd5 exd5 4. d4 Nf6 5. Nc3 c6 6. Bg2 Bd6 7. Nf3 O-O 8. O-O Bf5 9. Nh4 Bd7 10. Qb3 Qb6 11. Qxb6 axb6 12. Bg5 Ne8 13. e4 f6 14. Be3 dxe4 15. Nxe4 Bc7 16. Nc3 Nd6 17. b3 g5 18. Nf3 Nf5 19. d5 g4 20. Nd4 Nxd4 21. Bxd4 c5 22. Be3 Be5 23. Rfc1 Na6 24. a3 Nc7 25. Ra2 Nb5 26. Na4 Ra6 27. Bf1 Rfa8 28. Bxc5 bxc5 29. Nxc5 Be8 30. Nxa6 bxa6 31. a4 Nc3 32. Rac2 Nxd5 33. Rc8 Rxc8 34. Rxc8 Kf8 35. Bxa6 Ke7 36. Rc4 Nc7 37. Bb7 Bf7 38. Rxg4 Bxb3 39. a5 Kd6 40. a6 Bd5 41. Rb4 Bc3 42. Rh4 Bxb7 43. axb7 Na6 44. Rxh7 Kc6 45. h4 1-0

[Event "Campeonato de Aragon por Equipos 2025 - "]
[Site "?"]
[Date "2025.02.15"]
[Round "4.1"]
[White "Hinojar Basa, Alfonso"]
[Black "Adla, Diego"]
[Result "0-1"]
[WhiteElo "2197"]
[BlackElo "2390"]
[PlyCount "90"]
[GameId "2147807433292954"]
[EventDate "2025.01.25"]
[WhiteTeam "Marcos Frechin A"]
[BlackTeam "MyInvestor Casablanca A"]

1. e4 e5 2. Nf3 d6 3. d4 Nd7 4. Nc3 Ngf6 5. Bc4 Be7 6. a4 O-O 7. a5 exd4 8. Qxd4 Nc5 9. h3 Nfd7 10. Nd5 Re8 11. Be3 c6 12. Nxe7+ Qxe7 13. Ng5 d5 14. Be2 h6 15. b4 Nxe4 16. Nxe4 dxe4 17. O-O Nf6 18. Qc5 Nd5 19. Qxe7 Rxe7 20. Bc5 Re8 21. Bc4 Be6 22. Bxd5 Bxd5 23. Rfd1 a6 24. Rd4 f5 25. g3 Kf7 26. Kf1 Be6 27. h4 g5 28. hxg5 hxg5 29. Rad1 f4 30. Bd6 Bg4 31. Rc1 Rad8 32. Be5 Ke6 33. Rxd8 Rxd8 34. gxf4 Kf5 35. c3 Rd3 36. Bd4 gxf4 37. Kg2 Rd2 38. Kg1 Bf3 39. Re1 Kg4 40. Rc1 Be2 41. Kg2 Bc4 42. Rh1 e3 43. Rh7 Rxf2+ 44. Kg1 Rf1+ 45. Kh2 e2 0-1

[Event "Campeonato de Aragon por Equipos 2025 - "]
[Site "?"]
[Date "2025.02.15"]
[Round "4.2"]
[White "Glavina, Pablo"]
[Black "Atares Buisan, Sergio"]
[Result "1/2-1/2"]
[WhiteElo "2359"]
[BlackElo "2107"]
[PlyCount "46"]
[GameId "2147807433333915"]
[EventDate "2025.01.25"]
[WhiteTeam "MyInvestor Casablanca A"]
[BlackTeam "Marcos Frechin A"]

1. c4 Nf6 2. Nc3 c5 3. Nf3 Nc6 4. d4 cxd4 5. Nxd4 e5 6. Ndb5 a6 7. Nd6+ Bxd6 8. Qxd6 Qe7 9. Qd2 O-O 10. g3 Rb8 11. Bg2 b5 12. Nd5 Nxd5 13. cxd5 Nd4 14. b3 Bb7 15. Bb2 Nf5 16. e4 Nh6 17. O-O f5 18. d6 Qe6 19. exf5 Nxf5 20. Bxb7 Rxb7 21. Rfe1 Nh4 22. gxh4 Qg4+ 23. Kf1 Qh3+ 1/2-1/2

[Event "Campeonato de Aragon por Equipos 2025 - "]
[Site "?"]
[Date "2025.02.15"]
[Round "4.3"]
[White "Perez Tomas, Juan Manuel"]
[Black "Vela Frago, Alberto"]
[Result "0-1"]
[WhiteElo "1959"]
[BlackElo "2256"]
[PlyCount "54"]
[GameId "2147807433378972"]
[EventDate "2025.01.25"]
[WhiteTeam "Marcos Frechin A"]
[BlackTeam "MyInvestor Casablanca A"]

1. e4 e5 2. Nf3 Nc6 3. Bc4 Nf6 4. d3 Bc5 5. Nbd2 O-O 6. h3 h6 7. g4 d5 8. exd5 Nxd5 9. Ne4 Bb4+ 10. Bd2 Bxd2+ 11. Qxd2 Nb6 12. Bb3 Be6 13. g5 h5 14. Rg1 g6 15. Nf6+ Kg7 16. Qe3 Bxb3 17. axb3 Nd5 18. Nxd5 Qxd5 19. Nd2 Rfd8 20. Nc4 b5 21. Na5 Nd4 22. O-O-O Rd6 23. b4 Re8 24. Rge1 c5 25. Qe4 cxb4 26. Qxd5 Rxd5 27. f4 Rc8 0-1

[Event "Campeonato de Aragon por Equipos 2025 - "]
[Site "?"]
[Date "2025.02.15"]
[Round "4.4"]
[White "Miranda Herrera, Belen"]
[Black "Moya Gimeno, Raul"]
[Result "0-1"]
[WhiteElo "2051"]
[BlackElo "1958"]
[PlyCount "64"]
[GameId "2147807433419933"]
[EventDate "2025.01.25"]
[WhiteTeam "MyInvestor Casablanca A"]
[BlackTeam "Marcos Frechin A"]

1. e4 c5 2. Nf3 Nc6 3. d4 cxd4 4. Nxd4 Nf6 5. Nc3 e5 6. Ndb5 d6 7. Nd5 Nxd5 8. exd5 Ne7 9. c4 Ng6 10. Qa4 Bd7 11. Qb4 Qb8 12. h4 h5 13. Be3 Be7 14. c5 O-O 15. cxd6 Bd8 16. Rc1 a5 17. Qa3 b6 18. g3 f5 19. Bg5 f4 20. Nc7 Bxg5 21. hxg5 fxg3 22. fxg3 e4 23. Be2 Ne5 24. Rxh5 Qc8 25. Qe3 Bg4 26. Qxe4 Bxh5 27. Qxe5 Re8 28. Ne6 Qxc1+ 29. Kf2 Qc5+ 30. Ke1 Rxe6 31. Qxe6+ Bf7 32. Qg4 Qb4+ 0-1

[Event "Campeonato de Aragon por Equipos 2025 - "]
[Site "?"]
[Date "2025.02.15"]
[Round "4.5"]
[White "Forcen Esteban, Daniel"]
[Black "Villuendas Valero, Adrian"]
[Result "1-0"]
[WhiteElo "2541"]
[BlackElo "2240"]
[PlyCount "155"]
[GameId "2147807433456798"]
[EventDate "2025.01.25"]
[WhiteTeam "Jaime Casas"]
[BlackTeam "Aulazenter"]

1. d4 Nf6 2. Nf3 e6 3. c4 Bb4+ 4. Nbd2 a5 5. a3 Bxd2+ 6. Qxd2 a4 7. Qc2 d6 8. Bg5 Qe7 9. h3 Nbd7 10. e3 h6 11. Bh4 e5 12. Be2 b6 13. O-O Bb7 14. Nd2 O-O 15. Rae1 Rfe8 16. f3 Nf8 17. Bf2 c5 18. d5 e4 19. f4 Bc8 20. Nb1 b5 21. Nc3 bxc4 22. Bxc4 Ba6 23. Qxa4 Qb7 24. Bxa6 Rxa6 25. Qc4 Rb6 26. Na4 Rb3 27. Rd1 Rb8 28. Rd2 Qb5 29. Qxb5 R8xb5 30. Rc1 Rd3 31. Rcd1 Rdb3 32. Bh4 N8d7 33. Bxf6 Nxf6 34. Kf2 Nd7 35. Nc3 Rb6 36. Nxe4 Rxb2 37. Rxb2 Rxb2+ 38. Rd2 Rb6 39. a4 f5 40. Nc3 Kf7 41. e4 fxe4 42. Nxe4 Rb4 43. Re2 Kg8 44. a5 Ra4 45. Nxd6 Rxf4+ 46. Kg3 Ra4 47. Nb7 Rb4 48. a6 Ra4 49. Re7 Nf6 50. d6 Rxa6 51. d7 Nxd7 52. Rxd7 Rc6 53. Rd3 Rc7 54. Na5 Kf7 55. Nc4 Ke6 56. Rd6+ Ke7 57. Kf3 Rc8 58. Ke4 Ra8 59. Rc6 Ra2 60. Kf3 Rc2 61. Rxc5 Rc3+ 62. Ke4 Rc2 63. Re5+ Kf6 64. Ne3 Ra2 65. Rb5 Ra4+ 66. Kf3 Ra3 67. h4 g6 68. g3 Kf7 69. Rc5 Kf6 70. Ke4 Ke6 71. Rc6+ Kf7 72. Rc7+ Ke6 73. Rh7 Ra4+ 74. Kf3 h5 75. Rc7 Ra3 76. Rc6+ Kf7 77. Kf4 Ra4+ 78. Nc4 1-0

[Event "Campeonato de Aragon por Equipos 2025 - "]
[Site "?"]
[Date "2025.02.15"]
[Round "4.6"]
[White "Asensio Asensio, Nicolas"]
[Black "Antoli Royo, Joaquin Miguel"]
[Result "0-1"]
[WhiteElo "2178"]
[BlackElo "2411"]
[PlyCount "70"]
[GameId "2147807433551007"]
[EventDate "2025.01.25"]
[WhiteTeam "Aulazenter"]
[BlackTeam "Jaime Casas"]

1. e4 Nf6 2. e5 Nd5 3. c4 Nb6 4. d4 d6 5. exd6 cxd6 6. Nc3 g6 7. Be3 Bg7 8. h3 O-O 9. Nf3 Bf5 10. Be2 d5 11. cxd5 Nxd5 12. Qb3 Nxe3 13. fxe3 Nc6 14. Rd1 Qd6 15. O-O Qg3 16. Kh1 Rad8 17. Qxb7 Rd6 18. d5 Rb8 19. dxc6 Rxb7 20. cxb7 Rb6 21. Rd8+ Bf8 22. e4 Bxh3 23. gxh3 Qxh3+ 24. Nh2 Rxb7 25. Rd3 Qh4 26. b3 e6 27. Bf3 Rc7 28. Nb1 Rc2 29. Bg2 Qg5 30. Bf3 Bc5 31. Rc3 Rxa2 32. b4 Bd6 33. e5 Rxh2+ 34. Kxh2 Qxe5+ 35. Kh3 Qg3# 0-1

[Event "Campeonato de Aragon por Equipos 2025 - "]
[Site "?"]
[Date "2025.02.15"]
[Round "4.7"]
[White "Ramiro Ovejero, Juan Luis"]
[Black "Miranda Herrera, Jorge Manuel"]
[Result "1-0"]
[WhiteElo "2315"]
[BlackElo "2101"]
[PlyCount "23"]
[GameId "2147807433604256"]
[EventDate "2025.01.25"]
[WhiteTeam "Jaime Casas"]
[BlackTeam "Aulazenter"]

1. d4 Nf6 2. Nf3 d6 3. Bf4 g6 4. Nc3 d5 5. Qd2 Bg7 6. Bh6 O-O 7. h4 c5 8. Bxg7 Kxg7 9. dxc5 Nc6 10. O-O-O Ne4 11. Nxe4 dxe4 12. Qc3+ 1-0

[Event "Campeonato de Aragon por Equipos 2025 - "]
[Site "?"]
[Date "2025.02.15"]
[Round "4.8"]
[White "Iravedra Ainkov, Francisco"]
[Black "Roque Sola, Jose Luis"]
[Result "1/2-1/2"]
[WhiteElo "1963"]
[BlackElo "2129"]
[PlyCount "33"]
[GameId "2147807433645217"]
[EventDate "2025.01.25"]
[WhiteTeam "Aulazenter"]
[BlackTeam "Jaime Casas"]

1. e4 e5 2. Nf3 Nc6 3. Nc3 Nf6 4. Bb5 d6 5. d4 exd4 6. Nxd4 Bd7 7. O-O Be7 8. f3 Nxd4 9. Qxd4 Bxb5 10. Nxb5 O-O 11. Bg5 c6 12. Nc3 d5 13. exd5 Nxd5 14. Bxe7 Nxe7 15. Qxd8 Raxd8 16. Rad1 Nf5 17. Kf2 1/2-1/2

[Event "Campeonato de Aragon por Equipos 2025 - "]
[Site "?"]
[Date "2025.02.15"]
[Round "4.9"]
[White "Ramo Frontinan, Cristobal"]
[Black "Ruiz Fernandez, Daniel"]
[Result "0-1"]
[WhiteElo "2293"]
[BlackElo "2165"]
[PlyCount "66"]
[GameId "2147807433690274"]
[EventDate "2025.01.25"]
[WhiteTeam "Maristas"]
[BlackTeam "MyInvestor Casablanca B"]

1. Nf3 d5 2. g3 Nd7 3. Bg2 e5 4. d3 Ngf6 5. O-O Bd6 6. Nbd2 O-O 7. e4 dxe4 8. dxe4 Qe7 9. Nh4 g6 10. Nc4 Bc5 11. Bh6 Rd8 12. Qe2 b6 13. Ne3 Nf8 14. h3 Bb7 15. Bg5 Ne6 16. Nhf5 gxf5 17. Nxf5 Nxg5 18. Nxe7+ Bxe7 19. f3 Kh8 20. Kh2 Rg8 21. h4 Ne6 22. Bh3 Nh5 23. Bg4 Nxg3 24. Kxg3 h5 25. Qc4 Rg7 26. Kh2 hxg4 27. fxg4 Rxg4 28. Rxf7 Rxh4+ 29. Kg3 Rg8+ 30. Kf2 Bc5+ 31. Kf1 Rg1+ 32. Ke2 Rh2+ 33. Kd3 Rg3+ 0-1

[Event "Campeonato de Aragon por Equipos 2025 - "]
[Site "?"]
[Date "2025.02.15"]
[Round "4.10"]
[White "Lorente Melcon, Maximo"]
[Black "Neila Castillo, Miguel Angel"]
[Result "1-0"]
[WhiteElo "2138"]
[BlackElo "2119"]
[PlyCount "63"]
[GameId "2147807433727139"]
[EventDate "2025.01.25"]
[WhiteTeam "MyInvestor Casablanca B"]
[BlackTeam "Maristas"]

1. e4 b6 2. d4 Bb7 3. Bd3 e6 4. Nc3 c5 5. Nf3 Nf6 6. O-O c4 7. Bxc4 Nxe4 8. Nxe4 Bxe4 9. d5 Qf6 10. Nd4 Bc5 11. Nb5 Na6 12. Nc3 Bxg2 13. Kxg2 Nb4 14. a3 Nxd5 15. Nxd5 Qg6+ 16. Kh1 Qe4+ 17. f3 Qxc4 18. Nc7+ Ke7 19. Nxa8 Rxa8 20. Qd3 Qh4 21. Qe4 Qh3 22. Rd1 d5 23. Qg4 Qxg4 24. fxg4 Rd8 25. b4 Bd6 26. Bb2 f6 27. Re1 e5 28. Rad1 Ke6 29. Kg2 Rc8 30. Re2 h5 31. g5 fxg5 32. Bxe5 1-0

[Event "Campeonato de Aragon por Equipos 2025 - "]
[Site "?"]
[Date "2025.02.15"]
[Round "4.11"]
[White "Naya Sancho, Jose Ignacio"]
[Black "Conon, Catalin"]
[Result "1/2-1/2"]
[WhiteElo "2076"]
[BlackElo "2072"]
[PlyCount "86"]
[GameId "2147807433780388"]
[EventDate "2025.01.25"]
[WhiteTeam "Maristas"]
[BlackTeam "MyInvestor Casablanca B"]

1. d4 d5 2. c4 e6 3. Nc3 Nf6 4. Bg5 Be7 5. Nf3 O-O 6. Qc2 c6 7. e3 Nbd7 8. cxd5 exd5 9. Bd3 Re8 10. O-O h6 11. Bh4 Ne4 12. Bxe4 Bxh4 13. Bh7+ Kh8 14. b4 Be7 15. b5 Bd6 16. bxc6 bxc6 17. Bd3 Nf6 18. e4 dxe4 19. Nxe4 Bg4 20. Nxd6 Qxd6 21. Ne5 Be6 22. Qc5 Red8 23. Rfd1 Qxd4 24. Qxd4 Rxd4 25. Nxc6 Rd6 26. Bb5 Rxd1+ 27. Rxd1 a6 28. Bf1 Bxa2 29. Nb4 Bb3 30. Rb1 a5 31. Rxb3 Rb8 32. Bc4 axb4 33. Bxf7 Ne4 34. Rb2 g5 35. Kf1 Kg7 36. Bb3 Kf6 37. Ke2 Nc5 38. Bc4 Ke5 39. Ke3 Na4 40. Ra2 Nb6 41. Ra5+ Kd6 42. Bb3 Rc8 43. Rb5 Rb8 1/2-1/2

[Event "Campeonato de Aragon por Equipos 2025 - "]
[Site "?"]
[Date "2025.02.15"]
[Round "4.12"]
[White "Garza Marco, Sergio"]
[Black "Baron Rodriguez, Jesus"]
[Result "0-1"]
[WhiteElo "2384"]
[BlackElo "2401"]
[PlyCount "65"]
[GameId "2147807433829541"]
[EventDate "2025.01.25"]
[WhiteTeam "Helios"]
[BlackTeam "Iberajedrez Mundo 64"]

1. d4 d5 2. Nf3 Nf6 3. c4 e6 4. cxd5 exd5 5. Nc3 c6 6. Bf4 Nh5 7. Bd2 Bd6 8. Qc2 Nd7 9. e3 Ndf6 10. Bd3 Qe7 11. O-O-O Be6 12. h3 g6 13. Kb1 O-O-O 14. Nb5 Ne4 15. Ba5 Rde8 16. Ne5 Kb8 17. Nxd6 Nxd6 18. Bb4 f6 19. g4 Ng7 20. Qa4 Qc7 21. Nf3 g5 22. Nd2 h5 23. f3 f5 24. Qa3 Nc8 25. gxh5 Rxh5 26. Rhg1 Bg8 27. Rde1 Bh7 28. Qc3 Ne6 29. Rh1 Qg3 30. Qc2 Nxd4 31. Qd1 Ne6 32. Reg1 Qh4 33. Nb3 0-1